000 00372nam a2200157Ia 4500
008 221030s9999 xx 000 0 und d
020 _a007053246X
041 _aEnglish
100 _aH. Schildt
245 0 _aC ++ : The Complete Reference
_cby H. Schildt
250 _a4th
260 _bTMH
_aNew Delhi
_c2012
300 _a1023
650 _aBE Computer
942 _cBK
999 _c14022
_d14022